000 00269nam a22000977a 4500
008 170106b xxu||||| |||| 00| 0 eng d
041 _aeng
080 _a618.2
245 _aINSTRUCTORS MANUAL FOR USE WITH NURSING RESEARCH THEORY AND PRACTICE
_cWOODS, N.F
942 _2udc
_cBK
999 _c2603
_d2603